El hombre del antifaz blanco / (Registro nro. 8522)

Detalles MARC
000 -LIDER
fixed length control field 00745nam a22002417a 4500
003 - IDENTIFICACDOR DE NÚMERO DE CONTROL
control field DO-SdBNP
005 - DATE AND TIME OF LATEST TRANSACTION
control field 20221121090044.0
008 - ELEMENTOS DE LONGITUD FIJA
fixed length control field 151005b19uu sp| 0 spa d
020 ## - ISBN
International Standard Book Number 8440209177
040 ## - FUENTE DE CATALOGACIÓN
Agencia que crea de manera original el registro BPMSU
Idioma de catalogación spa
Agencia que realiza la transcripción BPMSU
082 #4 - NÚMERO DE CLASIFICACIÓN DECIMAL DE DEWEY
Classification number 823.91
Item number W187h
Edition number 22
100 1# - ASIENTO PRINCIPAL -- NOMBRE PERSONAL
Nombre personal Wallace, Edgar
245 13 - MENCIÓN DE TITULO
Título El hombre del antifaz blanco /
Mención de responsabilidad Edgar Wallace ; traducción Armando Lázaro Ros
260 ## - PUBLICACIÓN, DISTRIBUCIÓN, ETC. (PIE DE IMPRENTA)
Lugar de publicación, distribución, etc Barcelona :
Nombre del editor, distribuidor, etc. Litografía Rosés,
Fecha de publicación, distribución, etc [190-?].
300 ## - DESCRIPCIÓN FÍSICA
Extensión 173 p. ;
Dimensiones 18 cm.
490 0# - MENCIÓN DE SERIES
Mención de serie El observador
Volume/sequential designation 29
534 ## - NOTA SOBRE LA VERSIÓN ORIGINAL
Asiento principal del original Título original :<br/>
Mención del título original The door with seven locks whit face
590 ## - NOTA LOCAL
Enlace Inventariado, 2022/VM
650 #4 - ENCABEZAMIENTO DE MATERIA--TEMÁTICO
Término temático o nombre geográfico como elemento de entrada Novela inglesa
700 1# - ASIENTO SECUNDARIO -- NOMBRE PERSONAL
Nombre personal Lázaro Ros, Armando
Mención de responsabilidad tr.
910 ## - VALIDACIÓN
Validación YLOCKWARD/ VMateo V./Validado
942 ## - ADDED ENTRY ELEMENTS (KOHA)
Source of classification or shelving scheme Dewey Decimal Classification
Koha item type Libros
Existencias
Withdrawn status Lost status Source of classification or shelving scheme Damaged status Not for loan Collection code Home library Current library Date acquired Source of acquisition Full call number Barcode Date last seen Price effective from Koha item type
    Dewey Decimal Classification     Colección Juvenil General Biblioteca Pública Metropolitana Salomé Ureña Biblioteca Pública Metropolitana Salomé Ureña 11/03/2015 FUNDI BPMSU CG 823.91 W187h BPMSU15110024 11/03/2015 11/03/2015 Libros